书目信息 |
| 题名: |
神经科学
|
|
| 作者: | ||
| 分册: | ||
| 出版信息: | 北京 科学出版社 2000 |
|
| 页数: | 435 | |
| 开本: | 26cm | |
| 丛书名: | ||
| 单 册: | ||
| 中图分类: | R322.8 | |
| 科图分类: | ||
| 主题词: | 人体形态学 | |
| 电子资源: | ||
| ISBN: | 7-03-008845-X | |
| 000 | 00447nam0 2200181 450 | |
| 001 | 0741144344 | |
| 005 | 20070817112544.34 | |
| 010 | @a7-03-008845-X@d¥56.00 | |
| 100 | @a20070817d km y0chiy0120 ea | |
| 101 | 0 | @achi |
| 200 | 1 | @a神经科学@Ashen jing ke xue |
| 205 | @a影印版 | |
| 210 | @a北京@c科学出版社@d2000 | |
| 215 | @a435@d26cm | |
| 606 | 0 | @a人体形态学 |
| 690 | @aR322.8@v3 | |
| 801 | 0 | @aCN@bPFT@c20070817 |
| 905 | @a213230@dR322.8@en1@f1 | |
| 神经科学.-影印版.-北京:科学出版社,2000 |
| 435;26cm |
| ISBN 7-03-008845-X:¥56.00 |
| ● |
| 相关链接 |
|
|
|
|
正题名:神经科学
索取号:R322.8/n1
 
预约/预借
| 序号 | 登录号 | 条形码 | 馆藏地/架位号 | 状态 | 备注 |
| 1 | 6600894 | 266008946 | 密集书库-生命科学系/ [索取号:R322.8/n1] | 在馆 | |
| 2 | 6600895 | 266008955 | 密集书库-生命科学系/ [索取号:R322.8/n1] | 在馆 |